CHANGES OF MINERAL ELEMENTS IN EXPLANT OF MAGNOLIA X SOULANGIANA SOUL. - BOD. DURING THE CULTURING IN VITRO

Bibliographic Details
Main Authors: Valová, Magdaléna (Author), Krajčová, Dana (Author), Kamenická, Aurélia (Author)
Format: Article
Language:Slovak
English

MARC

LEADER 00000nab a2200000 a 4500
001 vtls010701464
003 SK-MaSNL
005 20260304191011.0
008 250709s xo |||||||||||||||||slo|
035 |a (urnnbn)urn:nbn:sk:snk:ar-0027oz 
035 |a (uuid)a328ef64-1bec-4451-8ab3-29fa53e123dc 
035 |a urn:nbn:sk:snk-ab35f2 
040 |a SNKBUCL  |b slo  |c SNKBUCL  |e AACR2 
041 0 |a eng 
044 |a xo  |c SK 
100 1 |a Valová, Magdaléna  |4 aut  |9 806544 
245 1 0 |a CHANGES OF MINERAL ELEMENTS IN EXPLANT OF MAGNOLIA X SOULANGIANA SOUL. - BOD. DURING THE CULTURING IN VITRO  |c Magdaléna Valová, Dana Krajčová, Aurélia Kamenická 
700 1 |a Krajčová, Dana  |4 aut  |9 737752 
700 1 |a Kamenická, Aurélia  |4 aut  |9 6076 
773 0 |t Folia dendrologica  |g Roč. 21-22, č. 1 (1995-1996), s. 337-341 
850 |a Slovenská národná knižnica 
852 |a Slovenská národná knižnica 
958 |a article1 
958 |a OND 
958 |a EUIPO 
999 |c 3052011  |d 3053941